[Event "Ruhrgebiet Verbandsliga Gruppe 2 1718"]
[Site "Germany"]
[Date "2018.02.04"]
[Round "6.5"]
[White "Heinzel, Peter"]
[Black "Parado, Dominado"]
[Result "1-0"]
[WhiteElo "1911"]
[BlackElo "1930"]
[PlyCount "79"]
[EventDate "2017.09.17"]
[EventType "team-tourn"]
[EventRounds "9"]
[EventCountry "GER"]
[SourceTitle "EXT 2022"]
[Source "ChessBase"]
[SourceDate "2021.10.06"]
[SourceVersion "1"]
[SourceVersionDate "2021.10.06"]
[SourceQuality "1"]
[WhiteTeam "Muelheim SC"]
[BlackTeam "Recklinghausen Sued"]
[WhiteTeamCountry "GER"]
[BlackTeamCountry "GER"]

1. b4 d6 2. Bb2 Nd7 3. e3 Ngf6 4. c4 e5 5. Nc3 g6 6. Nf3 Bg7 7. d3 0-0 8. Be2 Ne8 9. 0-0 f5 10. Qc2 g5 11. g3 Bf6 12. Nd5 Bg7 13. Ne1 c6 14. Nc3 f4 15. exf4 gxf4 16. Qd1 a5 17. b5 Nc5 18. Bg4 Ne6 19. Nf3 Nf6 20. Bh3 Qe8 21. Ne4 Qe7 22. a4 c5 23. Ra2 b6 24. Bg2 Ra7 25. Nh4 Nxe4 26. Bxe4 Ng5 27. Bd5+ Be6 28. Qg4 Bxd5 29. cxd5 Qf6 30. Bc1 Raf7 31. gxf4 exf4 32. Re2 Qh6 33. f3 Bd4+ 34. Kh1 Qg7 35. Ng2 h6 36. Nxf4 Be5 37. Nh5 Qh7 38. h4 Qxd3 39. Bxg5 Qxe2 40. Bf6+ 1-0

[Event "Ruhrgebiet Verbandsliga Gruppe 2 1718"]
[Site "Germany"]
[Date "2017.12.03"]
[Round "4.6"]
[White "Vierbuchen, Joachim"]
[Black "Heinzel, Peter"]
[Result "1-0"]
[WhiteElo "1884"]
[BlackElo "1911"]
[PlyCount "93"]
[EventDate "2017.09.17"]
[EventType "team-tourn"]
[EventRounds "9"]
[EventCountry "GER"]
[SourceTitle "EXT 2022"]
[Source "ChessBase"]
[SourceDate "2021.10.06"]
[SourceVersion "1"]
[SourceVersionDate "2021.10.06"]
[SourceQuality "1"]
[WhiteTeam "Hamm SV"]
[BlackTeam "Muelheim SC"]
[WhiteTeamCountry "GER"]
[BlackTeamCountry "GER"]

1. d4 Nf6 2. c4 e5 3. dxe5 Ng4 4. Nf3 Nc6 5. e3 Bb4+ 6. Bd2 Bxd2+ 7. Nbxd2 Ngxe5 8. Be2 0-0 9. 0-0 d6 10. Qc2 Qe7 11. h3 b6 12. Qc3 Bb7 13. Rfe1 Rfe8 14. b4 a5 15. b5 Nb8 16. Nd4 Nbd7 17. f4 Ng6 18. Bg4 Nc5 19. Nf5 Qf8 20. Bf3 Bxf3 21. gxf3 Ne7 22. Ng3 f5 23. Nb3 Nd7 24. Nd4 Qf7 25. Kh2 Nc5 26. Rg1 Kf8 27. Ndxf5 Nxf5 28. Nxf5 g6 29. Nd4 Qf6 30. Rae1 Re7 31. Qd2 Rae8 32. e4 Ne6 33. Nxe6+ Rxe6 34. Rg5 R8e7 35. Reg1 Rf7 36. f5 gxf5 37. Rxf5 Qh6 38. Qxh6+ Rxh6 39. Rgg5 Ke7 40. Rxf7+ Kxf7 41. Kg3 Re6 42. h4 Re7 43. Kf4 Re6 44. Ke3 Re7 45. h5 Kf6 46. f4 Ke6 47. Kd4 1-0

[Event "Schleswig Holstein-ch Seniors op 11th"]
[Site "Buesum"]
[Date "2017.09.16"]
[Round "9"]
[White "Gehrmann, Dorit"]
[Black "Heinzel, Peter"]
[Result "0-1"]
[WhiteElo "1920"]
[BlackElo "2028"]
[PlyCount "122"]
[EventDate "2017.09.08"]
[EventType "swiss"]
[EventRounds "9"]
[EventCountry "GER"]
[SourceTitle "EXT 2019"]
[Source "ChessBase"]
[SourceDate "2018.10.10"]
[SourceVersion "1"]
[SourceVersionDate "2018.10.10"]
[SourceQuality "1"]

1. e4 c6 2. d4 d5 3. Nc3 dxe4 4. Nxe4 Bf5 5. Ng3 Bg6 6. c3 e6 7. Nf3 Bd6 8. Be3 h6 9. Bd3 Bxd3 10. Qxd3 Nf6 11. Ne4 Nxe4 12. Qxe4 Nd7 13. 0-0 Nf6 14. Qc2 Qc7 15. Rfe1 0-0 16. g3 Rad8 17. Kg2 b6 18. Rad1 Rfe8 19. Bc1 c5 20. dxc5 Bxc5 21. Be3 Nd5 22. Bxc5 Qxc5 23. Rd4 Rc8 24. Qd3 b5 25. a3 a6 26. Rg4 Red8 27. Qd4 Qxd4 28. Rxd4 Nb6 29. Rde4 Rd6 30. Nd4 Na4 31. R4e2 Nc5 32. Rd1 Kh7 33. Kf3 f6 34. Rdd2 Rcd8 35. Rc2 e5 36. Nf5 Rd3+ 37. Kg2 Nb3 38. Kf1 R8d7 39. Ne3 Kg6 40. Kg2 f5 41. Nf1 Kf6 42. Ne3 h5 43. Re1 Rd2 44. Re2 Rxe2 45. Rxe2 g5 46. Rc2 f4 47. gxf4 gxf4 48. Nf1 e4 49. c4 Rc7 50. Rc3 bxc4 51. Rh3 a5 52. Rc3 a4 53. Kg1 Nd4 54. Kg2 Nf3 55. Rc1 Kf5 56. Rd1 Rg7+ 57. Kh3 Rg4 58. Rd5+ Kg6 59. Ng3 Rh4+ 60. Kg2 Rxh2+ 61. Kf1 fxg3 0-1

[Event "Schleswig Holstein-ch Seniors op 11th"]
[Site "Buesum"]
[Date "2017.09.08"]
[Round "1"]
[White "Garms, Ilse"]
[Black "Heinzel, Peter"]
[Result "0-1"]
[WhiteElo "1759"]
[BlackElo "2028"]
[PlyCount "64"]
[EventDate "2017.09.08"]
[EventType "swiss"]
[EventRounds "9"]
[EventCountry "GER"]
[SourceTitle "EXT 2019"]
[Source "ChessBase"]
[SourceDate "2018.10.10"]
[SourceVersion "1"]
[SourceVersionDate "2018.10.10"]
[SourceQuality "1"]

1. d4 Nf6 2. e3 b6 3. Nf3 Bb7 4. Be2 g6 5. 0-0 d6 6. c3 Bg7 7. Nbd2 Nbd7 8. Qc2 c5 9. b3 0-0 10. Bb2 cxd4 11. Nxd4 Rc8 12. Rac1 Re8 13. Bf3 d5 14. Qd1 a6 15. Re1 b5 16. a4 e5 17. Nc2 bxa4 18. bxa4 Nc5 19. Be2 Nxa4 20. Rb1 Qd7 21. c4 Nxb2 22. Rxb2 d4 23. Nf3 Bxf3 24. gxf3 Red8 25. Bd3 dxe3 26. Rxe3 Bh6 27. Ne1 Bxe3 28. fxe3 Rxc4 29. Qe2 Rc3 30. Bxa6 Qa7 31. Bd3 Nd5 32. Nc2 Nf4 0-1

[Event "Ruhrgebiet Verbandsklasse Gruppe 3 1617"]
[Site "Germany"]
[Date "2017.03.12"]
[Round "8.6"]
[White "Schulz, Peter1111"]
[Black "Heinzel, Peter"]
[Result "0-1"]
[WhiteElo "1414"]
[BlackElo "1930"]
[PlyCount "58"]
[EventDate "2016.09.04"]
[EventType "team-tourn"]
[EventRounds "9"]
[EventCountry "GER"]
[SourceTitle "EXT 2022"]
[Source "ChessBase"]
[SourceDate "2021.10.06"]
[SourceVersion "1"]
[SourceVersionDate "2021.10.06"]
[SourceQuality "1"]
[WhiteTeam "Recklinghausen Laeufer Ost"]
[BlackTeam "Muelheim SC"]
[WhiteTeamCountry "GER"]
[BlackTeamCountry "GER"]

1. d4 Nf6 2. Nf3 g6 3. Bf4 Bg7 4. e3 0-0 5. c4 d6 6. Nc3 Bg4 7. h3 Bxf3 8. Qxf3 c6 9. Bd3 Nbd7 10. 0-0 Re8 11. Bh2 Qa5 12. a3 a6 13. b4 Qd8 14. Rac1 Rc8 15. Rfe1 e5 16. d5 cxd5 17. Nxd5 e4 18. Qd1 exd3 19. Qxd3 Ne5 20. Qe2 Nxd5 21. cxd5 Qb6 22. Kh1 Rc7 23. f4 Nd7 24. Rxc7 Qxc7 25. e4 Nf6 26. Qd3 Nd7 27. g4 Rc8 28. Re2 Qc1+ 29. Bg1 Rc3 0-1

[Event "Ruhrgebiet Verbandsklasse Gruppe 3 1617"]
[Site "Germany"]
[Date "2017.02.19"]
[Round "7.6"]
[White "Heinzel, Peter"]
[Black "Buechle, Manfred"]
[Result "1-0"]
[WhiteElo "1930"]
[BlackElo "1803"]
[PlyCount "89"]
[EventDate "2016.09.04"]
[EventType "team-tourn"]
[EventRounds "9"]
[EventCountry "GER"]
[SourceTitle "EXT 2022"]
[Source "ChessBase"]
[SourceDate "2021.10.06"]
[SourceVersion "1"]
[SourceVersionDate "2021.10.06"]
[SourceQuality "1"]
[WhiteTeam "Muelheim SC"]
[BlackTeam "Brackel SF III"]
[WhiteTeamCountry "GER"]
[BlackTeamCountry "GER"]

1. b4 e5 2. Bb2 Bxb4 3. Bxe5 Nf6 4. c4 0-0 5. e3 Re8 6. Bb2 d5 7. Nf3 c5 8. cxd5 Nxd5 9. Be2 Be6 10. 0-0 Nc6 11. d4 cxd4 12. Nxd4 Nxd4 13. Qxd4 Bf8 14. Bf3 Nb4 15. Bd1 Qxd4 16. Bxd4 Nxa2 17. Bf3 a5 18. Bxb7 Rab8 19. Bf3 Bb4 20. h3 Rec8 21. Be4 Bc4 22. Ba7 Rb5 23. Rd1 Bc3 24. Rxa2 Bxa2 25. Nxc3 Rb2 26. Nxa2 Rxa2 27. Bd5 Rac2 28. Rd3 R2c3 29. Rd4 Rc1+ 30. Kh2 Ra1 31. Rd2 h5 32. Kg3 Ra4 33. e4 Ra3+ 34. f3 Ra1 35. Rb2 Rc7 36. Bb8 Rd7 37. Be5 Ra3 38. Kh4 Ra7 39. Kxh5 Rd3 40. Kg4 a4 41. Bc4 Rd1 42. Ra2 a3 43. Bd5 Rd3 44. Kf4 Ra6 45. Bc4 1-0

[Event "Ruhrgebiet Verbandsklasse Gruppe 3 1617"]
[Site "Germany"]
[Date "2017.01.29"]
[Round "6.6"]
[White "Broksch, Dirk"]
[Black "Heinzel, Peter"]
[Result "1-0"]
[WhiteElo "1799"]
[BlackElo "1930"]
[PlyCount "55"]
[EventDate "2016.09.04"]
[EventType "team-tourn"]
[EventRounds "9"]
[EventCountry "GER"]
[SourceTitle "EXT 2022"]
[Source "ChessBase"]
[SourceDate "2021.10.06"]
[SourceVersion "1"]
[SourceVersionDate "2021.10.06"]
[SourceQuality "1"]
[WhiteTeam "Erkenschwick II"]
[BlackTeam "Muelheim SC"]
[WhiteTeamCountry "GER"]
[BlackTeamCountry "GER"]

1. d4 Nf6 2. Nf3 d5 3. b3 g6 4. Bb2 Bg7 5. e3 Bg4 6. Be2 Nbd7 7. h3 Bxf3 8. Bxf3 c6 9. Nd2 0-0 10. c4 e6 11. 0-0 Re8 12. g4 h6 13. Qc2 Nh7 14. Bg2 Rf8 15. Ba3 Re8 16. Rac1 Bf8 17. Bb2 Bd6 18. e4 dxe4 19. Nxe4 Bf8 20. Rfd1 Ng5 21. d5 cxd5 22. cxd5 Rc8 23. Qxc8 Qxc8 24. Rxc8 Rxc8 25. dxe6 Nb6 26. Nf6+ Kh8 27. Nd7+ Kg8 28. Nxf8 1-0

[Event "Schleswig Holstein-ch Seniors op 10th"]
[Site "Buesum"]
[Date "2016.09.27"]
[Round "2"]
[White "Heinzel, Peter"]
[Black "Gehrmann, Dorit"]
[Result "1-0"]
[WhiteElo "2050"]
[BlackElo "1904"]
[PlyCount "87"]
[EventDate "2016.09.26"]
[EventType "swiss"]
[EventRounds "9"]
[EventCountry "GER"]
[SourceTitle "EXT 2019"]
[Source "ChessBase"]
[SourceDate "2018.10.10"]
[SourceVersion "1"]
[SourceVersionDate "2018.10.10"]
[SourceQuality "1"]

1. b4 Nf6 2. Bb2 d5 3. e3 Bf5 4. Nf3 e6 5. a3 Nbd7 6. c4 dxc4 7. Bxc4 Be7 8. Nc3 a6 9. d4 h6 10. 0-0 0-0 11. Rc1 c6 12. Bd3 Bxd3 13. Qxd3 Qc7 14. Rfd1 Rad8 15. Qc2 Qb8 16. g3 Nb6 17. Ne2 Nh7 18. Ne5 Bd6 19. Nd3 Nd7 20. f4 Nhf6 21. Nf2 Nd5 22. Qb3 Be7 23. e4 N5f6 24. Kg2 Kh7 25. g4 Rh8 26. Rc3 Kg8 27. Rf3 Nh7 28. Bc1 Bh4 29. Ng3 Bf6 30. e5 Bh4 31. f5 Ndf8 32. Nfe4 Ng5 33. Bxg5 Bxg5 34. Nd6 Rxd6 35. exd6 Qxd6 36. Ne4 Qc7 37. Nc5 Qe7 38. Re1 Qd6 39. fxe6 Qxd4 40. exf7+ Kh7 41. Qd3+ Qxd3 42. Rxd3 Ng6 43. Re8 Be7 44. Ne6 1-0

[Event "Dortmund Sparkassen op-B 44th"]
[Site "Dortmund"]
[Date "2016.07.13"]
[Round "5"]
[White "Heinzel, Peter"]
[Black "Bonath, Michael Alexander"]
[Result "1/2-1/2"]
[WhiteElo "1941"]
[BlackElo "1724"]
[PlyCount "87"]
[EventDate "2016.07.09"]
[EventType "swiss"]
[EventRounds "9"]
[EventCountry "GER"]
[SourceTitle "CBM 173 Extra"]
[Source "ChessBase"]
[SourceDate "2016.08.29"]
[SourceVersion "1"]
[SourceVersionDate "2016.08.29"]
[SourceQuality "1"]

1. b4 d5 2. Bb2 Bf5 3. e3 Nd7 4. Nf3 Ngf6 5. c4 e6 6. a3 c6 7. c5 Qc7 8. d4 Bg4 9. Nbd2 Ne4 10. Be2 Nxd2 11. Nxd2 Bxe2 12. Qxe2 Be7 13. 0-0 0-0 14. f4 Rae8 15. Bc3 f6 16. e4 dxe4 17. Qxe4 e5 18. fxe5 fxe5 19. Rxf8+ Bxf8 20. Re1 Nf6 21. Qd3 exd4 22. Rxe8 Nxe8 23. Bxd4 Qf7 24. Qc4 Nc7 25. Qxf7+ Kxf7 26. Nc4 Ke6 27. Na5 Kd5 28. Bf2 Nb5 29. Nxb7 Nxa3 30. Nd6 Bxd6 31. cxd6 Kxd6 32. Bxa7 Nc2 33. Bc5+ Kd5 34. Kf2 Kc4 35. Bf8 g6 36. Kf3 Nxb4 37. Kf4 Nd5+ 38. Kg5 Ne3 39. g4 Kd5 40. h4 Ke6 41. Bc5 Ng2 42. h5 gxh5 43. gxh5 Kf7 44. Bf2 1/2-1/2

[Event "Dortmund Sparkassen op-B 44th"]
[Site "Dortmund"]
[Date "2016.07.12"]
[Round "4"]
[White "Wuebker, Paul Luca"]
[Black "Heinzel, Peter"]
[Result "1-0"]
[WhiteElo "1785"]
[BlackElo "1941"]
[PlyCount "69"]
[EventDate "2016.07.09"]
[EventType "swiss"]
[EventRounds "9"]
[EventCountry "GER"]
[SourceTitle "CBM 173 Extra"]
[Source "ChessBase"]
[SourceDate "2016.08.29"]
[SourceVersion "1"]
[SourceVersionDate "2016.08.29"]
[SourceQuality "1"]

1. d4 Nf6 2. c4 e5 3. dxe5 Ng4 4. Bf4 Nc6 5. Nf3 Bb4+ 6. Nbd2 Qe7 7. a3 Bxd2+ 8. Qxd2 Ngxe5 9. Nxe5 Nxe5 10. e3 d6 11. Be2 Bd7 12. 0-0 Bc6 13. b4 b6 14. Rfc1 0-0 15. Qc3 Nd7 16. Bg4 f5 17. Be2 g5 18. c5 bxc5 19. bxc5 Bd5 20. cxd6 cxd6 21. Bc4 Bf7 22. Bxf7+ Rxf7 23. Qc6 Rd8 24. Bxd6 Qf6 25. Bb4 Qxc6 26. Rxc6 Ne5 27. Ra6 Nd3 28. h3 f4 29. exf4 Nxf4 30. Bc5 Rdd7 31. Re1 h6 32. Rxh6 Kg7 33. Rc6 Nd3 34. Ree6 Nf4 35. Re5 1-0

[Event "Hessen-ch Seniors op 12th"]
[Site "Bad Sooden-Allendorf"]
[Date "2016.05.06"]
[Round "7"]
[White "Hassenrueck, Helmut"]
[Black "Heinzel, Peter"]
[Result "1/2-1/2"]
[WhiteElo "2252"]
[BlackElo "1997"]
[PlyCount "69"]
[EventDate "2016.04.30"]
[EventType "swiss"]
[EventRounds "9"]
[EventCountry "GER"]
[SourceTitle "EXT 2019"]
[Source "ChessBase"]
[SourceDate "2018.10.10"]
[SourceVersion "1"]
[SourceVersionDate "2018.10.10"]
[SourceQuality "1"]

1. d4 Nf6 2. Nf3 d5 3. c4 c6 4. Nc3 e6 5. e3 Nbd7 6. Bd3 dxc4 7. Bxc4 Be7 8. 0-0 0-0 9. e4 Nb6 10. Bd3 Ne8 11. Qe2 g6 12. Bh6 Ng7 13. Rfd1 Qe8 14. a4 a5 15. Qe3 Bd8 16. Rac1 f6 17. h4 Qe7 18. b3 Re8 19. Ne2 Nh5 20. g4 Ng7 21. Ng3 Bc7 22. Bf4 Bxf4 23. Qxf4 e5 24. dxe5 fxe5 25. Qe3 Bxg4 26. Ng5 Bxd1 27. Qxb6 Bg4 28. Bc4+ Be6 29. Nxe6 Nxe6 30. h5 Qd7 31. h6 Kf8 32. Rc3 Nf4 33. Nf5 Qd1+ 34. Kh2 Qh5+ 35. Kg1 1/2-1/2

[Event "Ruhrgebiet Verbandsliga Gruppe 2 1516"]
[Site "Germany"]
[Date "2016.04.24"]
[Round "9.2"]
[White "Sicars, Thorsten"]
[Black "Heinzel, Peter"]
[Result "1/2-1/2"]
[WhiteElo "1982"]
[BlackElo "1839"]
[PlyCount "118"]
[EventDate "2015.09.06"]
[EventType "team-tourn"]
[EventRounds "9"]
[EventCountry "GER"]
[SourceTitle "EXT 2022"]
[Source "ChessBase"]
[SourceDate "2021.10.06"]
[SourceVersion "1"]
[SourceVersionDate "2021.10.06"]
[SourceQuality "1"]
[WhiteTeam "Wattenscheid SV III"]
[BlackTeam "Muelheim SC"]
[WhiteTeamCountry "GER"]
[BlackTeamCountry "GER"]

1. d4 Nf6 2. Bf4 d6 3. e3 g6 4. h3 Bg7 5. Nf3 Nbd7 6. Be2 0-0 7. 0-0 Re8 8. Bh2 b6 9. a4 a5 10. Na3 Bb7 11. c3 h6 12. Nc4 Nh7 13. Re1 Rb8 14. b4 axb4 15. cxb4 c5 16. bxc5 bxc5 17. Ra3 cxd4 18. exd4 Ra8 19. Bf4 Nhf6 20. Qc1 g5 21. Bd2 Nd5 22. a5 Nc7 23. Qb2 Ba6 24. Ne3 e6 25. Bxa6 Nxa6 26. Qb7 Qc8 27. Qb1 Qc7 28. Rc1 Qa7 29. Qd3 Rec8 30. Rc4 d5 31. Rc2 Bf8 32. Rb3 Rab8 33. Rcb2 Rxb3 34. Rxb3 Rc7 35. h4 gxh4 36. Nxh4 Ndc5 37. dxc5 Nxc5 38. Qb1 Nxb3 39. Qxb3 Rb7 40. Qa4 Rb1+ 41. Kh2 Qc7+ 42. g3 Rb2 43. Qg4+ Bg7 44. Nf3 Kh7 45. Kg2 d4 46. Nf1 Qc6 47. Qh5 Rb5 48. Qg4 e5 49. Kg1 e4 50. Nh4 Qe6 51. Qd1 Rb2 52. Qe1 Ra2 53. Ng2 f5 54. Nf4 Qc6 55. Nh5 Be5 56. Qb1 Ra3 57. Qb4 Qd6 58. Qc4 Qg6 59. Qc5 Qd6 1/2-1/2

[Event "Wuertemberg-ch Seniors 27th"]
[Site "Freudenstadt"]
[Date "2015.07.10"]
[Round "9"]
[White "Slager, Anton"]
[Black "Heinzel, Peter"]
[Result "1/2-1/2"]
[WhiteElo "1945"]
[BlackElo "2072"]
[PlyCount "58"]
[EventDate "2015.07.03"]
[EventType "swiss"]
[EventRounds "9"]
[EventCountry "GER"]
[SourceTitle "EXT 2016"]
[Source "ChessBase"]
[SourceDate "2015.10.08"]
[SourceVersion "1"]
[SourceVersionDate "2015.10.08"]
[SourceQuality "1"]

1. e4 c6 2. d4 d5 3. Nc3 dxe4 4. Nxe4 Bf5 5. Ng3 Bg6 6. h4 h6 7. c3 Nf6 8. Bd3 Bxd3 9. Qxd3 Qc7 10. Nf3 Nbd7 11. Ne2 e6 12. Bf4 Bd6 13. Bxd6 Qxd6 14. 0-0-0 0-0-0 15. Qc2 Qc7 16. Kb1 Nd5 17. g3 g6 18. Nc1 Kb8 19. Nd3 N5f6 20. Nde5 Nxe5 21. Nxe5 Qe7 22. Rhe1 Nd7 23. Qb3 Nxe5 24. Rxe5 Qc7 25. Rde1 h5 26. Qc2 Rd7 27. Qe2 Rhd8 28. Qf3 a6 29. Qe2 Rd5 1/2-1/2

[Event "Wuertemberg-ch Seniors 27th"]
[Site "Freudenstadt"]
[Date "2015.07.05"]
[Round "3"]
[White "Ackermann, Hans Werner"]
[Black "Heinzel, Peter"]
[Result "1-0"]
[WhiteElo "2297"]
[BlackElo "2072"]
[PlyCount "97"]
[EventDate "2015.07.03"]
[EventType "swiss"]
[EventRounds "9"]
[EventCountry "GER"]
[SourceTitle "EXT 2016"]
[Source "ChessBase"]
[SourceDate "2015.10.08"]
[SourceVersion "1"]
[SourceVersionDate "2015.10.08"]
[SourceQuality "1"]

1. Nf3 Nf6 2. b3 d6 3. Bb2 e5 4. g3 Be7 5. Bg2 c6 6. c4 Bg4 7. d3 Bxf3 8. Bxf3 Nbd7 9. Nc3 Nc5 10. Bg2 Ne6 11. 0-0 0-0 12. a3 Qc7 13. b4 a6 14. Rc1 Nd7 15. e3 Rad8 16. Re1 Rfe8 17. h4 Qb8 18. Qb3 Nf6 19. Red1 Nc7 20. Ne2 Bf8 21. a4 Ne6 22. Nc3 Nc7 23. b5 cxb5 24. axb5 Ne6 25. d4 exd4 26. exd4 Rc8 27. Ba3 g6 28. Bh3 Rcd8 29. Rb1 Qa7 30. b6 Qb8 31. Bb2 Bg7 32. Qc2 Nd7 33. Nd5 f5 34. Bg2 Kf7 35. Ba1 Nf6 36. Nxf6 Bxf6 37. Bd5 Kg7 38. Rb3 Qc8 39. Re3 Qd7 40. Qe2 Nf8 41. Re1 Rxe3 42. Qxe3 h6 43. Bc3 g5 44. hxg5 hxg5 45. Kg2 Ng6 46. Qe6 f4 47. Qxd7+ Rxd7 48. Re8 Ne7 49. Be6 1-0

[Event "Ruhrgebiet Verbandsklasse Gruppe 1 1415"]
[Site "Germany"]
[Date "2014.12.14"]
[Round "4"]
[White "Heinzel, Peter"]
[Black "Tig, Achmet"]
[Result "1-0"]
[WhiteElo "1936"]
[BlackElo "1876"]
[PlyCount "89"]
[EventDate "2014.09.21"]
[EventType "team-tourn"]
[EventRounds "9"]
[EventCountry "GER"]
[SourceTitle "EXT 2022"]
[Source "ChessBase"]
[SourceDate "2021.10.06"]
[SourceVersion "1"]
[SourceVersionDate "2021.10.06"]
[SourceQuality "1"]
[WhiteTeam "Muelheim SC"]
[BlackTeam "Hervest Dorsten"]
[WhiteTeamCountry "GER"]
[BlackTeamCountry "GER"]

1. b4 e5 2. Bb2 Bxb4 3. Bxe5 Nf6 4. e3 Nc6 5. Bb2 0-0 6. Be2 d5 7. Nf3 Re8 8. 0-0 Ne4 9. d3 Nf6 10. Nbd2 Qe7 11. Nb3 Ba3 12. Qc1 Bxb2 13. Qxb2 a5 14. Nbd2 Ng4 15. c4 dxc4 16. Nxc4 Rb8 17. Rac1 Bf5 18. a3 b5 19. Ncd2 Rb6 20. Rxc6 Rxc6 21. Nd4 Qf6 22. Qxb5 Ne5 23. Nxc6 Qxc6 24. d4 Qxb5 25. Bxb5 Rb8 26. Ba4 Nd3 27. e4 Bg6 28. Bc2 Rb2 29. Rb1 Rxb1+ 30. Bxb1 Nf4 31. Kf1 Kf8 32. f3 Ke7 33. Nc4 a4 34. Kf2 f6 35. g3 Ne6 36. Ke3 Be8 37. Bc2 c5 38. dxc5 Nxc5 39. Kd4 Ne6+ 40. Kc3 Ng5 41. Bd1 Bh5 42. g4 Be8 43. Kb4 Ke6 44. h4 Nf7 45. Bxa4 1-0

[Event "Wuerttemberg-ch Seniors op 26th"]
[Site "Freudenstadt"]
[Date "2014.07.21"]
[Round "6"]
[White "Heinzel, Peter"]
[Black "Fitzke, Ulrich"]
[Result "1-0"]
[WhiteElo "2028"]
[BlackElo "1891"]
[PlyCount "119"]
[EventDate "2014.07.16"]
[EventType "swiss"]
[EventRounds "9"]
[EventCountry "GER"]
[SourceTitle "EXT 2019"]
[Source "ChessBase"]
[SourceDate "2018.10.10"]
[SourceVersion "1"]
[SourceVersionDate "2018.10.10"]
[SourceQuality "1"]

1. b4 d5 2. Bb2 e6 3. e3 Nf6 4. a3 Be7 5. Nf3 0-0 6. c4 b6 7. d4 dxc4 8. Bxc4 c5 9. bxc5 bxc5 10. 0-0 Ba6 11. Nbd2 Bxc4 12. Nxc4 cxd4 13. Nxd4 Qd5 14. Qe2 Nc6 15. Rfd1 Rfd8 16. a4 Rac8 17. Nb5 Qc5 18. Ba3 Rxd1+ 19. Rxd1 Nb4 20. Ncd6 Bxd6 21. Nxd6 Rd8 22. Nb7 Rxd1+ 23. Qxd1 Qd5 24. Qxd5 Nbxd5 25. a5 Nd7 26. Kf1 Nc3 27. Ke1 a6 28. Bb4 Nd5 29. Bd6 N5f6 30. Ke2 Ne8 31. Ba3 e5 32. Kd3 f6 33. Kc4 Nc7 34. Bd6 Nb5 35. Kd5 Kf7 36. Kc6 Ke8 37. Bb4 Na7+ 38. Kd5 Nb8 39. Kd6 Nb5+ 40. Kd5 Nc7+ 41. Kc4 Nc6 42. Bc5 Na8 43. Ba3 Nc7 44. Kc5 Kd7 45. Kb6 Nb8 46. Bd6 Nd5+ 47. Ka7 Nc6+ 48. Kxa6 Nc3 49. Bf8 g6 50. Kb6 Na4+ 51. Kb5 Nc3+ 52. Kc4 Nd1 53. a6 Nxf2 54. Bc5 Kc7 55. Nd6 Kb8 56. Kb5 Na7+ 57. Bxa7+ Kxa7 58. Nc8+ Kb8 59. Kb6 Ne4 60. Ne7 1-0

[Event "Hessen-ch Seniors op 10th"]
[Site "Bad Sooden-Allendorf"]
[Date "2014.04.29"]
[Round "4"]
[White "Wieprecht, Gerhard"]
[Black "Heinzel, Peter"]
[Result "0-1"]
[WhiteElo "1929"]
[BlackElo "2044"]
[PlyCount "132"]
[EventDate "2014.04.26"]
[EventType "swiss"]
[EventRounds "9"]
[EventCountry "GER"]
[SourceTitle "EXT 2018"]
[Source "ChessBase"]
[SourceDate "2017.10.13"]
[SourceVersion "1"]
[SourceVersionDate "2017.10.13"]
[SourceQuality "1"]

1. e4 c6 2. c4 d5 3. exd5 cxd5 4. cxd5 Nf6 5. Bb5+ Bd7 6. Bc4 g6 7. Nf3 Bg7 8. 0-0 0-0 9. Nc3 Bg4 10. h3 Bxf3 11. Qxf3 Nbd7 12. d3 a6 13. Bf4 b5 14. Bb3 Nc5 15. Bc2 Rc8 16. Rac1 Ncd7 17. d4 Nb6 18. Bb3 Qd7 19. Ne4 Nbxd5 20. Nc5 Qf5 21. Be3 Qxf3 22. gxf3 Rc6 23. Ne4 Rfc8 24. Rxc6 Rxc6 25. Rd1 e6 26. Nxf6+ Nxf6 27. Bf4 Nd5 28. Be3 Bf6 29. Kf1 Kg7 30. Ke2 Rd6 31. Rc1 Ne7 32. Rd1 Nf5 33. d5 exd5 34. Bxd5 Bxb2 35. Be4 Rxd1 36. Kxd1 Nd6 37. Bc5 Be5 38. Bxd6 Bxd6 39. Bb7 a5 40. Bc6 b4 41. Ke2 f5 42. Ke3 Bc5+ 43. Ke2 Kf6 44. f4 g5 45. fxg5+ Kxg5 46. Kf3 Bd6 47. Bd7 Kf6 48. Ke3 Bc5+ 49. Kf3 Ke5 50. Ba4 h6 51. Bc2 f4 52. Ba4 Bd6 53. Ke2 Bc5 54. Kf3 Bd4 55. Bd7 Bc5 56. Ba4 Bd6 57. Bd7 Kd4 58. Ba4 Kc3 59. Ke2 Kb2 60. Kd1 Kxa2 61. Kc2 Ka3 62. Bb3 a4 63. Be6 Be5 64. Kb1 b3 65. Bd7 Kb4 66. Bc6 a3 0-1

[Event "Hessen-ch Seniors op 10th"]
[Site "Bad Sooden-Allendorf"]
[Date "2014.04.28"]
[Round "3"]
[White "Heinzel, Peter"]
[Black "Haubt, Georg"]
[Result "0-1"]
[WhiteElo "2044"]
[BlackElo "2206"]
[PlyCount "64"]
[EventDate "2014.04.26"]
[EventType "swiss"]
[EventRounds "9"]
[EventCountry "GER"]
[SourceTitle "EXT 2018"]
[Source "ChessBase"]
[SourceDate "2017.10.13"]
[SourceVersion "1"]
[SourceVersionDate "2017.10.13"]
[SourceQuality "1"]

1. b4 d5 2. Bb2 Qd6 3. a3 e5 4. e3 Be6 5. d3 Nd7 6. Nd2 c6 7. Nb3 g6 8. Nf3 Bg7 9. Ng5 Ne7 10. c4 b6 11. Rc1 Nf8 12. c5 Qd7 13. Be2 f6 14. Nf3 g5 15. Qc2 Nfg6 16. h4 g4 17. Nfd2 h5 18. g3 0-0 19. 0-0 Bh6 20. Rce1 f5 21. f4 d4 22. Nc4 b5 23. Nd6 Nd5 24. Bc1 dxe3 25. fxe5 Nxe5 26. Nd4 f4 27. Nxe6 Qxe6 28. d4 Nf7 29. Qe4 Qxe4 30. Nxe4 f3 31. Bxf3 gxf3 32. Rxf3 Bg7 0-1